HIV infection in children : (Record no. 4236)

MARC details
000 -LEADER
fixed length control field 01199cam a2200313 a 4500
001 - CONTROL NUMBER
control field 4937544
003 - CONTROL NUMBER IDENTIFIER
control field OSt
005 - DATE AND TIME OF LATEST TRANSACTION
control field 20160530184818.0
008 - FIXED-LENGTH DATA ELEMENTS--GENERAL INFORMATION
fixed length control field 950711s1995 enkab b 001 0 eng d
010 ## - LIBRARY OF CONGRESS CONTROL NUMBER
LC control number 95213012
020 ## - INTERNATIONAL STANDARD BOOK NUMBER
International Standard Book Number 0521454212 (hardback)
035 ## - SYSTEM CONTROL NUMBER
System control number (OCoLC)32799796
040 ## - CATALOGING SOURCE
Original cataloging agency GU
Transcribing agency GU
Modifying agency DLC
042 ## - AUTHENTICATION CODE
Authentication code lccopycat
050 04 - LIBRARY OF CONGRESS CALL NUMBER
Classification number RJ387.A25
Item number H586 1995
082 00 - DEWEY DECIMAL CLASSIFICATION NUMBER
Classification number QW 551
Item number H641 1995
245 00 - TITLE STATEMENT
Title HIV infection in children :
Remainder of title a guide to practical management /
Statement of responsibility, etc. edited by Jacqueline Y.Q. Mok and Marie-Louise Newell.
260 ## - PUBLICATION, DISTRIBUTION, ETC. (IMPRINT)
Place of publication, distribution, etc. Cambridge ;
-- New York :
Name of publisher, distributor, etc. Cambridge University Press,
Date of publication, distribution, etc. 1995.
300 ## - PHYSICAL DESCRIPTION
Extent xiv, 313 p. :
Other physical details ill., 1 map ;
Dimensions 24 cm.
504 ## - BIBLIOGRAPHY, ETC. NOTE
Bibliography, etc Includes bibliographical references and index.
650 #0 - SUBJECT ADDED ENTRY--TOPICAL TERM
Topical term or geographic name as entry element AIDS (Disease) in children.
9 (RLIN) 9129
700 1# - ADDED ENTRY--PERSONAL NAME
Personal name Mok, Jacqueline Y. Q.
9 (RLIN) 9130
700 1# - ADDED ENTRY--PERSONAL NAME
Personal name Newell, Marie-Louise.
9 (RLIN) 9131
856 42 - ELECTRONIC LOCATION AND ACCESS
Materials specified Publisher description
Uniform Resource Identifier http://www.loc.gov/catdir/description/cam027/95213012.html
856 41 - ELECTRONIC LOCATION AND ACCESS
Materials specified Table of contents
Uniform Resource Identifier http://www.loc.gov/catdir/toc/cam027/95213012.html
906 ## - LOCAL DATA ELEMENT F, LDF (RLIN)
a 7
b cbc
c copycat
d 2
e ncip
f 19
g y-gencatlg
942 ## - ADDED ENTRY ELEMENTS (KOHA)
Source of classification or shelving scheme Dewey Decimal Classification
Koha item type Open Shelf
Holdings
Withdrawn status Lost status Source of classification or shelving scheme Damaged status Not for loan Home library Current library Date acquired Inventory number Total Checkouts Full call number Barcode Date last seen Price effective from Koha item type Source of acquisition
    Dewey Decimal Classification     MUST Main Library MUST Main Library 30/05/2016 2000/13886   QW 551 H641 1995 2016-2255 30/05/2016 30/05/2016 Open Shelf  
    Other/Generic Classification Scheme     MUST Main Library MUST Main Library 21/07/2016 2000/13887   QW 551 H641 1995 2016-3351 21/07/2016 21/07/2016 Open Shelf